Nadawki a problemy Dolnoserbskego Gymnaziuma

Titel: Nadawki a problemy Dolnoserbskego Gymnaziuma
Verfasser:
In: Rozhlad, Band 44, Heft 7-8 (1994), Seite 271-274
alle Artikel anzeigen
Veröffentlicht: 1994
Format: Aufsatz
Sprache: Sorbisch
Kein Bild verfügbar
X
alg: 39466594
001A    $01999:12-11-16 
001B    $01999:01-06-17 $t17:59:03.000 
001D    $01999:12-11-16 
001U    $0utf8 
001X    $00 
002@    $0Aox 
003@    $0394665945 
007A    $0394665945 $aHEB 
007T    $0Herdww004984 
010@    $awen 
011@    $a1994 
021A    $aNadawki a problemy Dolnoserbskego Gymnaziuma 
028A    $aGera $dJürgen 
031A    $d44 $e7-8 $h271-274 $j1994 
039B    $aIn $8--Abvc--. Rozhlad. - Bautzen : Domowina, 1950-. - ISSN 0557-4250 $x199400000440007729 $9047452528 

lok: 39466594 78

exp: 39466594 78 1 #EPN
201B/01 $018-11-16 $t12:20:29.000 
201U/01 $0utf8 
203@/01 $079077643X 
208@/01 $a12-11-16 $be 
209A/01 $a/ $f000 $x00 
220C/01 $aTitelaufnehmer: TJ 
220C/01 $aHerkunft: IH UWr 
244Z/01 $2Trx $#Silesia $#Śląsk $#Sliezsko $#Slezsko $8--Trx--Schlesien $x01 $9391173987 
244Z/01 $2Trx $#Chóśebuz $#Chociebuż $#Chotěbuz $8--Trx--Cottbus $x02 $9391256793 
244Z/01 $aGeschichte 1989-1994 $x03 
244Z/01 $2Trx $#keskkoolid $#vidurinės mokyklos $#Middle schools $#középiskolák $#szkoły średnie $#školy stredné $#školy střední $#Realschulen $#školy reálne $8--Trx--Mittelschulen $x04 $9391370405 
244Z/01 $2Trx $8--Trx--Zeitschriftenaufsatz $x05 $9391384341 
247C/01 $82080>Marburg/Lahn, Herder-Institut, Forschungsbibliothek, Bibliographieportal $9336309341
LEADER 00000caa a22000002c 4500
001 394665945
003 DE-603
005 20170601175903.0
007 tu
008 161112s1994 xx |||| | u00||u|wen c
035 |a (DE-599)HEB394665945 
040 |a DE-603  |b ger  |c DE-603  |d DE-603 
041 |a wen 
100 1 |a Gera, Jürgen 
245 0 0 |a Nadawki a problemy Dolnoserbskego Gymnaziuma 
264 0 |c 1994 
773 0 8 |i In  |t Rozhlad  |d Bautzen : Domowina, 1950-  |h 24 cm  |x 0557-4250  |g Band 44, Heft 7-8 (1994), Seite 271-274  |w (DE-603)047452528  |w (DE-600)280835-3 
924 0 |9 2080  |a (DE-603)79077643X  |b DE-2080  |c HES  |d d  |g /